| 000 | 00515nam a2200181 4500 | ||
|---|---|---|---|
| 005 | 20250121123747.0 | ||
| 010 | _aENG-143462 | ||
| 020 |
_a9789393384010 _c205.00 |
||
| 035 | 9 | _aEN-126994 | |
| 037 | _bDBAD | ||
| 082 | _a881 | ||
| 100 |
_aMalik, Sankarsan _976822 |
||
| 245 |
_aWomen in Eighteenth Century Oriya Literature / _cby Sankarsan Malik |
||
| 260 |
_bBluerose Publishers _c2024 |
||
| 270 | _mwww.bluerosepublishers.com | ||
| 300 |
_a152p. _c20cm(Hb) |
||
| 942 |
_2ddc _cEN _h881 _mMAL |
||
| 999 |
_c208652 _d208652 |
||